000 01349cam a2200325 a 4500
999 _c44393
_d44393
001 1136285
005 20181019095100.0
008 940810s1992 ru b 100 0 rusod
010 _a 94211245
020 _a5900245047
035 _a(OCoLC)30923831
040 _aInU
_cInU
_dDLC
042 _alccopycat
043 _ae-ur---
245 0 0 _aMikhail Lermontov, 1814-1989 /
_cpod redakt︠s︡ieĭ Efima Ėtkinda.
260 _aNortfild, Vermont :
_bRusskai︠a︡ shkola Norvichskogo universiteta,
_cc1978.
300 _a187 p. ;
_c21 cm.
336 _atext
337 _aunmediated
338 _avolume
440 0 _aNorvichskie simpoziumy po russkoĭ literature i kulʹture ;
_vt. 3
500 _aTitles on cover: A Symposium dedicated to Mikhail Lermontov; Mikhail Lermontov--simpozium, posvi︠a︡shchennyĭ 175-letii︠u︡ so dni︠a︡ rozhdenii︠a︡.
504 _aIncludes bibliographical references.
600 1 0 _aLermontov, Mikhail I︠U︡rʹevich,
_d1814-1841
_xCriticism and interpretation
_xCongresses.
700 1 _aĖtkind, E. G.
_q(Efim Grigorʹevich),
_d1918-1999.
710 2 _aNorwich University.
_bRussian School.
740 0 _aSymposium dedicated to Mikhail Lermontov.
740 0 _aMikhail Lermontov--simpozium, posvi︠a︡shchennyĭ 175-letii︠u︡ so dni︠a︡ rozhdenii︠a︡.
942 _2lcc
_cBK